000 00527nam a2200133 i 4500
001 149593
003 ES-MaACL
007 t|
008 071023s1908 sp ||||1| spa d
100 1 _aVasco, Eusebio.
_9113260
245 1 0 _aGuerra de la Independencia
_b: ocupación e incendio de Valdepeñas por las tropas francesas en 1808 : memoria laureada con el premio en los juegos florales celebrados en Albacete /
_cpor Eusebio Vasco.
260 _aValdepeñas :
_b[s.n.],
_c1908 (
_fImp. de Mendoza)
852 _aES-MaACL
_jT-671-F-2
999 _c149593
_d149593